000 00569ntaaa2200205 4500
003 01
005 20251027202728.0
008 0714s1973 ag 01
020 _a8472288676
040 _aAR-BaBN
_bspa
_cAR-BaBN
_eaacr
_dRIC
082 _a649.1024 Ow2s
100 _aOwen, Pat Hershey
_927198
245 _aSiete estilos de ser padres
250 _a1 ed.
260 _aBarcelona :
_bCLIE,
_c1984
300 _a234 p ;
_c20 cm
500 _aBasado en los dones espirituales, muestra distinas formas de ser.
650 _apadres-educación hijos
_924805
942 _cBK
999 _c22529
_d22529